Statistics for World Capitals Closest to Germany - One Minute Sprint

Click here to take the quiz!

General Stats

  • This quiz has been taken 63 times
    (58 since last reset)
  • The average score is 15 of 20

Answer Stats

kmcapitalmiles% Correct
301Paris187
96%
93Amsterdam58
94%
109Brussels68
94%
120Copenhagen75
94%
67Bern42
92%
194Vienna120
92%
426Warsaw265
91%
82Prague51
85%
421London261
81%
588Stockholm365
81%
17Luxembourg10
77%
47Vaduz29
75%
558Oslo347
72%
249Bratislava158
64%
407Budapest253
60%
292Zagreb181
55%
423Monaco263
53%
194Ljubljana121
49%
395San Marino245
45%
581Sarajevo361
28%

Score Distribution

Percentile by Number Answered

Percent of People with Each Score

Your Score History

You have not taken this quiz since the last reset